000 00471nam a2200169 i 4500
001 30968
003 ES-MaACL
005 20240426063019.0
007 t|
008 030128s1968 sp ||||1| spa d
100 1 _aBatlló, José,
_d1939-2016
_926456
245 1 0 _aTocaron mi corazón /
_cJosé Batlló.
260 _aBilbao :
_bLa Editorial Vizcaina,
_c1968.
300 _a64 p. ;
_c17 cm.
852 _aES-MaACL
_jC-35352
_bR.68587
999 _c30968
_d30968